000 00454 a2200097 4500
005 20260327131659.0
100 _aPhondke B.
_9217324
245 _aआधुनिक महाराष्ट्राची जडणघडण शिल्पकार चरित्रकोश खंड ३: विज्ञान व तंत्रज्ञान आणि शिक्षण
260 _bSaptahik Vivek Hindusthan Prakashan Samstha
_c2010
942 _cAR
999 _c370785
_d370785